000 00307nam a22001337a 4500
008 170426b xxu||||| |||| 00| 0 eng d
020 _a9780716769354
041 _aeng
080 _22ND
_a547
100 _a12
101 _aSHM
245 _aTECHNIQUES IN ORGANIC CHEMISTRY
_cMOHRIG, J.R
942 _2udc
_cBK
999 _c12073
_d12073